[Event "22nd TCh-SLO 2012"]
[Site "Slovenia SLO"]
[Date "2012.12.01"]
[Round "5"]
[White "Rifelj,L"]
[Black "Osmanbegovic,S"]
[Result "0-1"]
[BlackTitle "FM"]
[WhiteElo "1881"]
[BlackElo "2262"]
[WhiteTeam "SD KRKA Novo mesto"]
[BlackTeam "ZSK Maribor"]
[WhiteFideId "14603462"]
[BlackFideId "14600757"]
[EventDate "2012.11.23"]

1. d4 Nf6 2. c4 c5 3. Nf3 cxd4 4. Nxd4 Nc6 5. Nc3 g6 6. g3 Bg7 7. Bg2 O-O 8. O-O
Ng4 9. e3 Nxd4 10. exd4 Nh6 11. Bg5 Nf5 12. d5 h6 13. Bf4 d6 14. Qd3 Bd7 15.
Rac1 a6 16. Ne4 b5 17. c5 dxc5 18. Nxc5 Bxb2 19. Rc2 Bg7 20. Nxd7 Qxd7 21. Rc7
Qd8 22. Rfc1 e5 23. Bd2 Nd6 24. Bb4 Re8 25. R1c6 Bf8 26. Qa3 Nc4 27. Qc3 Bd6 28.
Bxd6 Nxd6 29. Qa3 Nc4 30. Qc5 Qg5 31. h4 Qf5 32. d6 Rf8 33. d7 Rad8 34. Rc8 Qxd7
35. R8c7 Qf5 36. Bd5 Nd2 37. Bg2 Kg7 38. Rd6 Rxd6 39. Qxd6 Ne4 40. Bxe4 Qxe4 41.
Re7 h5 42. Rxe5 Qb1+ 43. Kg2 Qxa2 44. Qe7 Rc8 45. Qa7 Rc2 46. g4 Qc4 47. Rg5
Qe4+ 48. Kh2 Qf4+ 0-1

[Event "22nd TCh-SLO 2012"]
[Site "Slovenia SLO"]
[Date "2012.12.01"]
[Round "5"]
[White "Ivanisevic,I"]
[Black "Tratar,M"]
[Result "1-0"]
[WhiteTitle "GM"]
[BlackTitle "GM"]
[WhiteElo "2633"]
[BlackElo "2516"]
[WhiteTeam "SD Tehcenter Ptuj"]
[BlackTeam "SK Branik Maribor"]
[WhiteFideId "912417"]
[BlackFideId "14600684"]
[EventDate "2012.11.23"]

1. d4 e6 2. c4 Bb4+ 3. Nd2 Nf6 4. Nf3 O-O 5. g3 b6 6. Bg2 Bb7 7. O-O a5 8. Qc2
Bxd2 9. Bxd2 Be4 10. Qa4 d6 11. Rfd1 Nbd7 12. Rac1 h6 13. Qa3 Qb8 14. Bh3 Rd8
15. Be1 Bb7 16. Bf1 Ra7 17. Nd2 c5 18. dxc5 dxc5 19. Qc3 Ne5 20. Ne4 Nxe4 21.
Rxd8+ Qxd8 22. Qxe5 Bc6 23. Bg2 Qc7 24. Qxc7 Rxc7 25. Rd1 Rc8 26. Rd3 Nf6 27.
Bxc6 Rxc6 28. Rd8+ Kh7 29. Bc3 Ne4 30. Be5 f6 31. f3 fxe5 32. fxe4 Kg6 33. Kf2
Kf6 34. Rd7 Rc8 35. Ke3 h5 36. h4 Rb8 37. Kd3 g5 38. Kc3 gxh4 39. gxh4 Rg8 40.
Rh7 Rg3+ 41. Kd2 Rg4 42. Rh6+ Ke7 43. Rxh5 Rxe4 44. Rh7+ Kd6 45. b3 a4 46. h5
Rh4 47. h6 axb3 48. axb3 e4 49. Rh8 Ke5 50. h7 Rh1 51. e3 Rh2+ 52. Kc1 Kf6 53.
Rf8+ Kg7 54. Re8 Rh6 55. Re7+ Kh8 56. Kb2 Rh3 57. Rxe6 Rxe3 58. Rxb6 Kxh7 59.
Rc6 Re2+ 60. Ka3 e3 61. Rxc5 Kg6 62. Kb4 Rc2 63. Re5 e2 64. Kc5 Kf6 65. Re8 Kf5
66. b4 Kf4 67. b5 Kf3 68. b6 Rb2 69. Kc6 Rb4 70. c5 Re4 71. Rxe4 Kxe4 72. b7
e1=Q 73. b8=Q Kd4 74. Qf4+ Kc3 75. Kd6 Qd1+ 76. Kc7 Qd5 77. c6 Kb3 78. Kb6 1-0

[Event "22nd TCh-SLO 2012"]
[Site "Slovenia SLO"]
[Date "2012.12.01"]
[Round "5"]
[White "Zupe,M"]
[Black "Borisek,J"]
[Result "0-1"]
[WhiteTitle "IM"]
[BlackTitle "GM"]
[WhiteElo "2323"]
[BlackElo "2560"]
[WhiteTeam "SK Branik Maribor"]
[BlackTeam "SD Tehcenter Ptuj"]
[WhiteFideId "14600277"]
[BlackFideId "14603152"]
[EventDate "2012.11.23"]

1. c4 f5 2. d4 Nf6 3. g3 g6 4. Bg2 Bg7 5. Nc3 O-O 6. Nf3 d6 7. O-O c6 8. Re1 Ne4
9. Qd3 Nxc3 10. Qxc3 Nd7 11. Qc2 e5 12. dxe5 dxe5 13. Ng5 Qe7 14. Nh3 e4 15. Be3
Ne5 16. Rad1 h6 17. f3 g5 18. Kh1 Qf7 19. b3 Qh5 20. f4 Ng4 21. Bg1 Be6 22. Rd6
Rfe8 23. e3 Bf8 24. Rdd1 Nf6 25. Qe2 Qg6 26. Bf2 a5 27. Qc2 Qg7 28. Re2 Bf7 29.
Rb1 Bh5 30. Ree1 Bb4 31. Rf1 Rad8 32. Be1 Ng4 33. Qc1 Bc5 34. Bc3 Qg6 35. fxg5
hxg5 36. Re1 Rd3 37. Bd2 Red8 38. Bxa5 b6 39. b4 Bxe3 40. Rxe3 Nxe3 41. Bf1 0-1

[Event "22nd TCh-SLO 2012"]
[Site "Slovenia SLO"]
[Date "2012.12.01"]
[Round "5"]
[White "Polajzer,D"]
[Black "Supancic,D"]
[Result "1/2-1/2"]
[WhiteTitle "IM"]
[BlackTitle "FM"]
[WhiteElo "2295"]
[BlackElo "2370"]
[WhiteTeam "SD Tehcenter Ptuj"]
[BlackTeam "SK Branik Maribor"]
[WhiteFideId "14600218"]
[BlackFideId "14600773"]
[EventDate "2012.11.23"]

1. d4 d6 2. c4 e5 3. dxe5 dxe5 4. Qxd8+ Kxd8 5. Nf3 f6 6. b3 Be6 7. Ba3 Bxa3 8.
Nxa3 c6 9. O-O-O+ Kc7 10. e3 Ne7 11. Bd3 Bf5 12. Bxf5 Nxf5 13. Nb1 Na6 14. Nc3
Rad8 15. Rxd8 Rxd8 16. Rd1 Rxd1+ 17. Kxd1 Kd7 18. Nd2 Nc5 19. Nde4 Nxe4 20. Nxe4
Nd6 21. Nc3 Nf7 22. Ke2 Ke7 23. g4 g6 24. f4 b6 25. h3 exf4 26. exf4 Nd6 27. Ke3
f5 28. g5 Ke6 29. Kd4 Nb7 30. Ke3 Nd6 31. Kd4 Nb7 1/2-1/2

[Event "22nd TCh-SLO 2012"]
[Site "Slovenia SLO"]
[Date "2012.12.01"]
[Round "5"]
[White "Navinsek,T"]
[Black "Podkriznik,G"]
[Result "1/2-1/2"]
[WhiteTitle "FM"]
[BlackTitle "FM"]
[WhiteElo "2278"]
[BlackElo "2334"]
[WhiteTeam "SK Branik Maribor"]
[BlackTeam "SD Tehcenter Ptuj"]
[WhiteFideId "14600340"]
[BlackFideId "14601893"]
[EventDate "2012.11.23"]

1. g3 g6 2. Bg2 Bg7 3. d4 d5 4. Nf3 Nf6 5. O-O O-O 6. b3 a5 7. a4 Bf5 8. Bb2 c6
9. Nbd2 Ne4 10. Nxe4 Bxe4 11. e3 e6 12. Qe2 Nd7 13. Rfd1 f5 14. c4 Qb6 15. Nd2
Bxg2 16. Kxg2 Nf6 17. Ba3 Rfe8 18. Bd6 Bf8 19. Bxf8 Kxf8 20. Nf3 Nd7 21. Qc2 Kg7
22. Rac1 h6 23. h3 Red8 24. cxd5 exd5 25. g4 fxg4 26. hxg4 Re8 27. Ne5 Nxe5 28.
dxe5 Re7 29. Qc3 Rf8 30. f4 Qd8 31. Rf1 Kh7 32. Rf3 Qd7 33. Kg3 h5 34. f5 gxf5
35. Rh1 Rg7 36. Rxh5+ Kg8 37. g5 Qf7 38. Kh4 Rh7 39. Rxh7 Qxh7+ 40. Kg3 Qh5 41.
e6 Qxg5+ 42. Kh2 Qh6+ 43. Rh3 Qxe6 44. Qh8+ Kf7 45. Qh7+ Ke8 46. Qxb7 Qe5+ 47.
Kh1 Qe4+ 48. Kh2 Qe5+ 1/2-1/2

[Event "22nd TCh-SLO 2012"]
[Site "Slovenia SLO"]
[Date "2012.12.01"]
[Round "5"]
[White "Roskar,R"]
[Black "Simic,Draga SLO"]
[Result "1-0"]
[WhiteTitle "FM"]
[BlackTitle "FM"]
[WhiteElo "2284"]
[BlackElo "2289"]
[WhiteTeam "SD Tehcenter Ptuj"]
[BlackTeam "SK Branik Maribor"]
[WhiteFideId "14601850"]
[BlackFideId "14600803"]
[EventDate "2012.11.23"]

1. e4 c5 2. Nf3 Nc6 3. Bb5 Na5 4. d4 a6 5. Be2 cxd4 6. Nxd4 e6 7. O-O Qc7 8. Nd2
Nf6 9. Bd3 d5 10. Re1 Nc6 11. Nxc6 bxc6 12. e5 Nd7 13. f4 a5 14. c3 g6 15. Kh1
Ba6 16. Bc2 Bc5 17. Qf3 O-O-O 18. Nb3 Bb6 19. Be3 c5 20. Qf2 Kb7 21. Rad1 Ka8
22. Nd2 Bb7 23. Nf3 h6 24. Rb1 Rc8 25. a3 d4 26. cxd4 cxd4 27. Bxd4 Qxc2 28.
Bxb6 Qxf2 29. Bxf2 Rc2 30. Kg1 Bxf3 31. gxf3 Rhc8 32. Be3 g5 33. Rec1 gxf4 34.
Rxc2 Rxc2 35. Bxf4 h5 36. Rd1 Nb6 37. Rd2 Rc4 38. Be3 Nd5 39. Bd4 a4 40. Kf2 Ne7
41. Bc3 Nd5 42. Rd4 Rxd4 43. Bxd4 Kb7 44. Kg3 Ne7 45. Kf4 Nf5 46. Bf2 Kc6 47.
Kg5 Kd5 48. Kxh5 Kxe5 49. Kg4 Kf6 50. Kf4 e5+ 51. Ke4 Ke6 52. Kd3 Nd6 53. Kc3 f5
54. Kb4 f4 55. Kxa4 Nc4 56. Kb5 Nd2 57. a4 Kd7 58. h4 Nxf3 59. Kc4 e4 60. h5 Kd6
61. a5 e3 62. Bxe3 fxe3 63. Kd3 Ne5+ 64. Kxe3 Nc4+ 65. Kf2 Nxb2 66. h6 Nd3+ 67.
Ke3 Ne5 68. h7 Nf7 69. Kf4 Kc5 70. Kf5 1-0

[Event "22nd TCh-SLO 2012"]
[Site "Slovenia SLO"]
[Date "2012.12.01"]
[Round "5"]
[White "Ruck,R1"]
[Black "Stevic,H"]
[Result "1/2-1/2"]
[WhiteTitle "GM"]
[BlackTitle "GM"]
[WhiteElo "2568"]
[BlackElo "2622"]
[WhiteTeam "SD Radenska Pomgrad"]
[BlackTeam "SD Vrhnika"]
[WhiteFideId "705713"]
[BlackFideId "14502569"]
[EventDate "2012.11.23"]

1. Nf3 c5 2. c4 g6 3. e4 Nc6 4. d4 cxd4 5. Nxd4 Nf6 6. Nc3 Nxd4 7. Qxd4 d6 8.
Be2 Bg7 9. Be3 O-O 10. Qd2 a5 11. O-O a4 12. Rad1 Qa5 13. Bd4 Re8 14. Qe3 Ng4
15. Bxg4 Bxg4 16. Rd2 Be6 17. b3 axb3 18. axb3 Bxd4 19. Rxd4 Qc5 20. f4 Ra3 21.
Nb5 Ra2 22. Rd3 Qxe3+ 23. Rxe3 Rea8 24. Rf2 Ra1+ 25. Rf1 R1a2 26. Rf2 Ra1+ 27.
Rf1 Bd7 28. Nc3 Bc6 29. Rxa1 Rxa1+ 30. Kf2 Ra3 31. b4 Kf8 32. b5 Bd7 33. Nd5 Ra5
34. Re2 Be6 35. Ne3 f6 36. g4 Bf7 37. Rc2 Ke8 38. h4 Kd7 39. g5 f5 40. exf5 gxf5
41. Rc3 e6 42. Rd3 Kc7 43. Kg3 Ra1 44. Kf2 Bh5 45. Kg3 Ra2 46. Rd4 Ra3 47. Kf2
Ra2+ 48. Kg3 Ra3 49. Kf2 Ra2+ 1/2-1/2

[Event "22nd TCh-SLO 2012"]
[Site "Slovenia SLO"]
[Date "2012.12.01"]
[Round "5"]
[White "Gruskovnjak,T"]
[Black "Gostisa,L"]
[Result "1/2-1/2"]
[WhiteTitle "FM"]
[BlackTitle "IM"]
[WhiteElo "2388"]
[BlackElo "2419"]
[WhiteTeam "SD Radenska Pomgrad"]
[BlackTeam "SD Vrhnika"]
[WhiteFideId "14602326"]
[BlackFideId "14600722"]
[EventDate "2012.11.23"]

1. d4 Nf6 2. c4 e6 3. Nc3 Bb4 4. Qc2 c5 5. dxc5 O-O 6. a3 Bxc5 7. Nf3 Be7 8. e4
d6 9. Bf4 Nh5 10. Be3 Nd7 11. Be2 a6 12. h3 Nhf6 13. O-O Qc7 14. Rac1 b6 15.
Rfd1 Bb7 16. Qb1 Rac8 17. Nd2 Rfe8 18. b4 Qb8 19. Na4 Qa8 20. Bd3 Bd8 21. Nc3
Bc7 22. Bf1 Rcd8 23. Re1 h6 24. Bd4 Qb8 25. Qa1 Nh5 26. Na4 Ba8 27. Qc3 Nhf6 28.
Qc2 Qb7 29. Nc3 Rc8 30. Qb1 Bb8 31. Na4 Rc7 32. Qd3 Rd8 33. Qe3 Ba7 34. Qg3 Ne8
35. Nb3 Rdc8 36. Rb1 Qb8 37. c5 dxc5 38. bxc5 b5 39. Nb6 Nxb6 40. cxb6 Bxb6 41.
Be5 Qa7 42. Bxc7 Rxc7 43. Rbc1 Nf6 44. Rxc7 Bxc7 45. Qd3 Bb6 46. Re2 Bxe4 47.
Rxe4 Bxf2+ 48. Kh1 Nxe4 49. Qxe4 g6 50. Nd2 Bc5 51. a4 b4 52. Qc6 a5 53. Bc4 Be7
54. Nf3 Bf6 55. Qe4 Kg7 56. h4 Qc5 57. Kh2 Qd6+ 58. Kh3 h5 59. Qd3 Qf4 60. g3
Qc1 61. Kg2 Qb2+ 62. Qe2 Qa1 63. Bb3 Qc3 64. Qc2 Qe3 65. Bc4 1/2-1/2

[Event "22nd TCh-SLO 2012"]
[Site "Slovenia SLO"]
[Date "2012.12.01"]
[Round "5"]
[White "Hocevar,Filip"]
[Black "Lazar,Ales ML"]
[Result "0-1"]
[BlackTitle "FM"]
[WhiteElo "1882"]
[BlackElo "2304"]
[WhiteTeam "SD Vrhnika"]
[BlackTeam "SD Radenska Pomgrad"]
[WhiteFideId "14609312"]
[BlackFideId "14603039"]
[EventDate "2012.11.23"]

1. e4 c5 2. Nc3 e6 3. g3 Nc6 4. Bg2 g6 5. Nge2 Bg7 6. O-O Nge7 7. d3 O-O 8. f4
d6 9. Be3 Nd4 10. Bf2 Nec6 11. Rb1 Rb8 12. Nxd4 Nxd4 13. Ne2 Qa5 14. c3 Nxe2+
15. Qxe2 Qxa2 16. Ra1 Qb3 17. Rxa7 Bd7 18. Rfa1 Rfc8 19. g4 Qb6 20. h4 Qd8 21.
h5 gxh5 22. gxh5 Kh8 23. Qf3 Qe7 24. Kh2 Rg8 25. Bh3 Bc6 26. Rg1 f5 27. Qe3 Qf7
28. exf5 exf5 29. Rg5 Rbe8 30. Qd2 Bf3 31. Rxf5 Qc7 32. Be3 Qe7 33. Bf2 Qd8 34.
Bf1 Bh6 35. Ra1 Qd7 36. Rg5 Bxg5 37. fxg5 Qg4 38. Bh3 Qxh5 39. Qf4 Rgf8 40. Qxd6
Bg4 41. Bd4+ Kg8 42. Qd5+ Be6 0-1

[Event "22nd TCh-SLO 2012"]
[Site "Slovenia SLO"]
[Date "2012.12.01"]
[Round "5"]
[White "Markus,Rob"]
[Black "Horvath,Ad1"]
[Result "1/2-1/2"]
[WhiteTitle "GM"]
[BlackTitle "GM"]
[WhiteElo "2619"]
[BlackElo "2495"]
[WhiteTeam "SK Nova Gorica"]
[BlackTeam "SD Rokada Lendava"]
[WhiteFideId "921637"]
[BlackFideId "708003"]
[EventDate "2012.11.23"]

1. d4 Nf6 2. c4 e6 3. Nc3 Bb4 4. e3 b6 5. Ne2 Ba6 6. a3 Bxc3+ 7. Nxc3 d5 8. Qf3
O-O 9. g4 c6 10. b3 Ne8 11. a4 Nd6 12. Ba3 Re8 13. Qg3 Nb7 14. Nb5 cxb5 15. cxb5
Na5 16. bxa6 Nxb3 17. Rb1 Na5 18. Bb5 Nc4 19. Bb4 Qc8 20. Bxe8 Qxe8 21. Ra1 Nxa6
22. Bc3 Nb8 23. O-O Nc6 24. Rfc1 Qd7 25. Qf3 Rd8 26. Qe2 a6 27. f3 Qd6 28. Be1
h6 29. Rcb1 Qd7 30. Bg3 N6a5 31. Ra2 Rc8 32. h4 Re8 33. Qd3 Nc6 34. Kg2 Qe7 35.
Rc2 Qd7 36. e4 b5 37. axb5 axb5 38. e5 Rc8 1/2-1/2

[Event "22nd TCh-SLO 2012"]
[Site "Slovenia SLO"]
[Date "2012.12.01"]
[Round "5"]
[White "Horvath,Ta1"]
[Black "Srebrnic,M"]
[Result "1-0"]
[WhiteTitle "IM"]
[BlackTitle "FM"]
[WhiteElo "2390"]
[BlackElo "2378"]
[WhiteTeam "SD Rokada Lendava"]
[BlackTeam "SK Nova Gorica"]
[WhiteFideId "700185"]
[BlackFideId "14603616"]
[EventDate "2012.11.23"]

1. e4 c5 2. Nf3 Nc6 3. d4 cxd4 4. Nxd4 e5 5. Nb5 d6 6. c4 Be7 7. N1c3 a6 8. Na3
Be6 9. Nc2 Nf6 10. Bd3 O-O 11. b3 Rc8 12. O-O Ne8 13. Be3 Bg5 14. Qd2 Bxe3 15.
Qxe3 Ne7 16. a4 Ng6 17. Rfd1 Nf4 18. Bf1 Qg5 19. Qg3 Qh5 20. Ne3 Kh8 21. Rd2 Rc6
22. Rad1 g6 23. Ncd5 Bxd5 24. Nxd5 Nxd5 25. exd5 Rc7 26. f4 f6 27. b4 a5 28.
fxe5 Qxe5 29. Qf2 Qc3 30. b5 Qa3 31. Re1 Qxa4 32. Rde2 Ng7 33. Re7 Rxe7 34. Rxe7
Qb3 35. Rxb7 Nf5 36. g4 Ng7 37. Qa7 Qd1 38. h3 Rg8 39. Qf2 Rf8 40. b6 h5 41. Rc7
Qb3 42. b7 Kg8 43. Bg2 Qb1+ 44. Kh2 hxg4 45. hxg4 Ne8 46. Re7 f5 47. g5 f4 48.
Be4 Qb3 49. Bxg6 Ng7 50. Bc2 Qxc4 51. Bh7+ Kxh7 52. Qb2 Kg6 53. Qxg7+ Kh5 54.
Qh6+ Kg4 55. Qh3+ Kxg5 56. Rg7+ Kf6 57. Qh6+ Ke5 58. Re7+ Kxd5 59. Qxf8 Qc2+ 60.
Kh3 Qd3+ 61. Kg4 Qg3+ 62. Kf5 1-0

[Event "22nd TCh-SLO 2012"]
[Site "Slovenia SLO"]
[Date "2012.12.01"]
[Round "5"]
[White "Srebrnic,A"]
[Black "Sifrer,D"]
[Result "1/2-1/2"]
[WhiteTitle "WGM"]
[BlackTitle "IM"]
[WhiteElo "2204"]
[BlackElo "2393"]
[WhiteTeam "SK Nova Gorica"]
[BlackTeam "SD Rokada Lendava"]
[WhiteFideId "14603314"]
[BlackFideId "14600110"]
[EventDate "2012.11.23"]

1. c4 e5 2. Nc3 Nf6 3. g3 d5 4. cxd5 Nxd5 5. Bg2 Be6 6. Nf3 Nc6 7. O-O Be7 8. d4
Nxc3 9. bxc3 e4 10. Ne5 Qd5 11. Qc2 f5 12. Nxc6 Qxc6 13. Be3 O-O 14. f3 Bd5 15.
fxe4 fxe4 16. a4 a6 17. Bh3 b5 18. Rxf8+ Rxf8 19. axb5 axb5 20. Qb2 h6 21. Bg2
Bd6 22. Rb1 Rb8 23. Ra1 Qc4 24. Bf2 c5 25. Qd2 b4 26. cxb4 cxb4 27. Rc1 Qb5 28.
Qe3 Qe8 29. Rb1 b3 30. Be1 Bb4 31. Bxb4 Rxb4 32. Qc3 Rb8 33. Qc5 Qf7 34. Qd6 Ra8
35. Qb6 Rc8 36. Qb5 Kh8 37. Rf1 Qb7 38. Qxb7 Bxb7 39. Rb1 Bd5 40. Kf2 e3+ 41.
Kxe3 Bxg2 42. Rxb3 Kg8 43. Rb5 Re8+ 44. Kf2 Be4 45. h4 Kf7 46. g4 Kf6 47. Rb6+
Re6 48. Rb8 Bd5 49. Rd8 Bc4 50. e3 Ke7 51. Rc8 Bd5 52. Rc7+ Kf6 53. Rc5 Be4 54.
Kg3 Bb7 55. Kf2 Re4 56. Rc7 Bd5 57. Rd7 Be6 58. g5+ hxg5 59. hxg5+ Kg6 60. Ra7
Rg4 61. Ra6 Kf7 62. Ra7+ Kg8 63. Ra5 Bb3 64. Re5 Kf7 65. d5 Rb4 66. e4 Rb6 67.
Rf5+ Ke7 68. Ke3 Bc2 69. Re5+ Kd7 70. Rf5 Ke7 71. Re5+ Kd7 1/2-1/2

[Event "22nd TCh-SLO 2012"]
[Site "Slovenia SLO"]
[Date "2012.12.01"]
[Round "5"]
[White "Plesec,D"]
[Black "Srebrnic,V"]
[Result "1-0"]
[WhiteTitle "FM"]
[WhiteElo "2315"]
[BlackElo "2220"]
[WhiteTeam "SD Rokada Lendava"]
[BlackTeam "SK Nova Gorica"]
[WhiteFideId "14600161"]
[BlackFideId "14600498"]
[EventDate "2012.11.23"]

1. d4 g6 2. Nf3 Bg7 3. e4 c6 4. c3 d5 5. e5 Bg4 6. Nbd2 f6 7. h3 Bxf3 8. exf6
exf6 9. Nxf3 Nh6 10. Bd3 O-O 11. O-O Nd7 12. Re1 Nf7 13. Bf4 Re8 14. Qb3 Qb6 15.
Qc2 Nf8 16. Rxe8 Rxe8 17. Re1 Qd8 18. Rxe8 Qxe8 19. c4 Ne6 20. Be3 Qd7 21. Qa4
a6 22. cxd5 Qxd5 23. Bc4 Qd6 24. Qb3 Nfd8 25. d5 cxd5 26. Bxd5 b5 27. Nd4 Kf7
28. Bd2 f5 29. Bb4 Qb8 30. Nc6 Nxc6 31. Bxe6+ Ke8 32. Bf7+ Kd8 33. Qd5+ Kc8 34.
Bc5 Qc7 35. Bd6 Qa5 36. Qe6+ Kb7 37. Qd7+ 1-0

[Event "22nd TCh-SLO 2012"]
[Site "Slovenia SLO"]
[Date "2012.12.01"]
[Round "5"]
[White "Rusjan,M"]
[Black "Ivanec,D"]
[Result "1-0"]
[WhiteElo "2204"]
[BlackElo "2191"]
[WhiteTeam "SK Nova Gorica"]
[BlackTeam "SD Rokada Lendava"]
[WhiteFideId "14601567"]
[BlackFideId "14604400"]
[EventDate "2012.11.23"]

1. d4 Nf6 2. c4 e6 3. Nc3 Bb4 4. Qc2 Nc6 5. Nf3 O-O 6. a3 Bxc3+ 7. Qxc3 Ne4 8.
Qc2 f5 9. g3 d6 10. Bg2 Qf6 11. Be3 Ne7 12. O-O Bd7 13. Nd2 Nxd2 14. Qxd2 Ng6
15. Bg5 Qf7 16. Bxb7 h6 17. Bxa8 Rxa8 18. Be3 Re8 19. f4 Bc6 20. Rac1 Be4 21. d5
exd5 22. cxd5 Bxd5 23. b4 Qe6 24. Bxa7 Qe4 25. Rf3 c6 26. Qe3 Nf8 27. Qxe4 Bxe4
28. Rfc3 g5 29. Be3 Ne6 30. a4 d5 31. Rxc6 d4 32. Rc8 Rxc8 33. Rxc8+ Kf7 34. Bd2
gxf4 35. Bxf4 1-0

[Event "22nd TCh-SLO 2012"]
[Site "Slovenia SLO"]
[Date "2012.12.01"]
[Round "5"]
[White "Gerencer,J"]
[Black "Rusjan,D"]
[Result "0-1"]
[WhiteTitle "FM"]
[WhiteElo "2025"]
[BlackElo "2081"]
[WhiteTeam "SD Rokada Lendava"]
[BlackTeam "SK Nova Gorica"]
[WhiteFideId "14601257"]
[BlackFideId "14602458"]
[EventDate "2012.11.23"]

1. d4 Nf6 2. Nf3 g6 3. Bf4 Bg7 4. e3 d6 5. h3 O-O 6. Be2 Nbd7 7. O-O b6 8. c3
Bb7 9. Nbd2 Ne4 10. Nxe4 Bxe4 11. Bd3 Bb7 12. Bh2 e5 13. dxe5 dxe5 14. Bc4 Qe7
15. Qe2 a6 16. a4 e4 17. Nd2 Ne5 18. Bxe5 Bxe5 19. Rfd1 Rfd8 20. Nb3 Rxd1+ 21.
Rxd1 Rd8 22. Rxd8+ Qxd8 23. Qd2 Qxd2 24. Nxd2 c5 25. Kf1 Kf8 26. Ke2 f5 27. f4
exf3+ 28. gxf3 Ke7 29. f4 Bf6 30. Nf3 h6 31. Kf2 Bc6 32. Bxa6 Bxa4 33. Nd2 Bd7
34. Nc4 b5 35. Na3 b4 36. Nb1 Be6 37. Bd3 Ba2 38. e4 c4 39. e5 Bh4+ 0-1

[Event "22nd TCh-SLO 2012"]
[Site "Slovenia SLO"]
[Date "2012.12.01"]
[Round "5"]
[White "Solak,D"]
[Black "Dizdar,G"]
[Result "1-0"]
[WhiteTitle "GM"]
[BlackTitle "GM"]
[WhiteElo "2597"]
[BlackElo "2499"]
[WhiteTeam "SD dr. Milan Vidmar LJ"]
[BlackTeam "SK Triglav Krsko"]
[WhiteFideId "916811"]
[BlackFideId "14500124"]
[EventDate "2012.11.23"]

1. e4 e6 2. d4 d5 3. Nd2 c5 4. exd5 exd5 5. Ngf3 a6 6. Be2 Nf6 7. O-O Be7 8.
dxc5 Bxc5 9. Nb3 Bb6 10. Qd3 O-O 11. Be3 Bxe3 12. Qxe3 Re8 13. Qd2 Nc6 14. c3
Qb6 15. Nfd4 Ne5 16. Rae1 Bd7 17. Nf3 Nc4 18. Bxc4 dxc4 19. Nbd4 Qc7 20. Rxe8+
Rxe8 21. Re1 Ne4 22. Qc2 Nc5 23. Rxe8+ Bxe8 24. Qe2 Kf8 25. Qxc4 b5 26. Qd5 Na4
27. Qf5 Kg8 28. Ng5 g6 29. Qe4 Qd8 30. Qe5 Bc6 31. Nxf7 Kxf7 32. Qe6+ Kf8 33.
Qxc6 Qe8 34. Qf6+ 1-0

[Event "22nd TCh-SLO 2012"]
[Site "Slovenia SLO"]
[Date "2012.12.01"]
[Round "5"]
[White "Brumen,D"]
[Black "Soln,P"]
[Result "0-1"]
[WhiteTitle "IM"]
[BlackTitle "IM"]
[WhiteElo "2357"]
[BlackElo "2382"]
[WhiteTeam "SK Triglav Krsko"]
[BlackTeam "SD dr. Milan Vidmar LJ"]
[WhiteFideId "14501490"]
[BlackFideId "14601060"]
[EventDate "2012.11.23"]

1. d4 d5 2. c4 e6 3. Nc3 c6 4. Nf3 dxc4 5. g3 b5 6. Bg2 Bb7 7. O-O a6 8. Ne5 Nf6
9. f4 Be7 10. a4 Qc8 11. e4 O-O 12. g4 b4 13. g5 Nfd7 14. Ne2 Nxe5 15. dxe5 Bc5+
16. Kh1 a5 17. f5 Nd7 18. Bf4 Qc7 19. Qe1 Rfe8 20. Qg3 Nf8 21. Rf3 Rad8 22. f6
Ng6 23. fxg7 Bd4 24. Nxd4 Rxd4 25. Be3 Rd7 26. Raf1 Qxe5 27. Qf2 Qxg7 28. Rf6
Ne5 29. Qg3 Nd3 30. Bf3 c5 31. Qh4 Rc8 32. Bh5 Ne5 33. Bf2 Ng6 34. Qg4 Ne5 35.
Qe2 Qf8 36. Bg3 Ng6 37. Bxg6 hxg6 38. Be5 Rd4 39. Bxd4 cxd4 40. Rxf7 Qxf7 41.
Rxf7 Kxf7 42. Qf2+ Kg8 43. Qxd4 c3 44. bxc3 bxc3 45. Qe5 Rc6 46. Qb8+ Bc8 47.
Qf4 c2 48. Qc1 Bb7 49. Kg2 Rc4 50. Kf2 Bxe4 51. Qd2 Rc8 52. Qc1 Bd5 53. Ke2 Bb3
54. h4 Bxa4 55. Qe3 c1=Q 56. Qxe6+ Kf8 57. Qf6+ Ke8 58. Qxg6+ Kd8 59. Qd6+ Bd7
60. Qf6+ Kc7 0-1

[Event "22nd TCh-SLO 2012"]
[Site "Slovenia SLO"]
[Date "2012.12.01"]
[Round "5"]
[White "Barle,J"]
[Black "Stajner,S"]
[Result "0-1"]
[WhiteTitle "IM"]
[BlackTitle "FM"]
[WhiteElo "2374"]
[BlackElo "2261"]
[WhiteTeam "SD dr. Milan Vidmar LJ"]
[BlackTeam "SK Triglav Krsko"]
[WhiteFideId "14600021"]
[BlackFideId "14604078"]
[EventDate "2012.11.23"]

1. e4 c6 2. d3 d5 3. Nd2 g6 4. Ngf3 Bg7 5. c3 e5 6. Be2 Ne7 7. O-O O-O 8. Qc2 b6
9. a4 Bb7 10. a5 c5 11. b4 cxb4 12. cxb4 Nbc6 13. Ba3 Ba6 14. Nb3 Rc8 15. Qa2
Bb5 16. Rac1 Re8 17. Rfe1 Rc7 18. Nfd2 Bh6 19. Rc2 Ba4 20. axb6 axb6 21. Bd1 Ra7
22. Qb2 Qa8 23. exd5 Nxd5 24. Bf3 e4 25. dxe4 Bb5 26. e5 Bxd2 27. Nxd2 Nf4 28.
Re3 Ne2+ 29. Bxe2 Bxe2 30. Ne4 Rd8 31. Nf6+ Kg7 32. Rexe2 0-1

[Event "22nd TCh-SLO 2012"]
[Site "Slovenia SLO"]
[Date "2012.12.01"]
[Round "5"]
[White "Novak,G"]
[Black "Jelen,Ig"]
[Result "0-1"]
[BlackTitle "IM"]
[WhiteElo "2248"]
[BlackElo "2368"]
[WhiteTeam "SK Triglav Krsko"]
[BlackTeam "SD dr. Milan Vidmar LJ"]
[WhiteFideId "14602580"]
[BlackFideId "14600668"]
[EventDate "2012.11.23"]

1. e4 c5 2. Nf3 Nc6 3. d4 cxd4 4. Nxd4 Nf6 5. Nc3 e5 6. Ndb5 d6 7. Bg5 a6 8. Na3
b5 9. Bxf6 gxf6 10. Nd5 Bg7 11. g3 Ne7 12. Bg2 Nxd5 13. exd5 O-O 14. O-O f5 15.
c3 f4 16. Nc2 fxg3 17. fxg3 f5 18. Kh1 Ra7 19. a4 Raf7 20. axb5 axb5 21. Qd2 f4
22. gxf4 Bh6 23. Qe2 Bxf4 24. Bf3 Qh4 25. Rg1+ Kh8 26. Bg4 Bg3 27. Rxg3 Rf2 28.
Qxf2 Rxf2 29. Bh3 h5 30. Ra8 Qe4+ 31. Kg1 Rxc2 32. Rxc8+ Kh7 33. Rc7+ Kh6 34.
Rc8 Qe1+ 0-1